La inclusión financiera para la inserción productiva y el papel de la banca de desarrollo
Guardat en:
| Autors principals: | , |
|---|---|
| Format: | Llibre |
| Idioma: | espanyol |
| Publicat: |
Santiago
CEPAL
2018
|
| Edició: | 1a. ed |
| Col·lecció: | Libros de la CEPAL, 153
|
| Matèries: | |
| Etiquetes: |
Afegir etiqueta
Sense etiquetes, Sigues el primer a etiquetar aquest registre!
|
MARC
| LEADER | 00000cam a2200000 a 4500 | ||
|---|---|---|---|
| 001 | UCC6815 | ||
| 003 | CL-VaPUC | ||
| 008 | 190111e20180000cl |||||||||||||||||spa|d | ||
| 020 | |a 9789211219982 | ||
| 082 | 0 | 4 | |a 338.9 |b PER |2 21 |
| 100 | 0 | |a Pérez Caldentey, Esteban |e author |9 601330 | |
| 700 | 0 | |a Titelman, Daniel |e author |9 601331 | |
| 245 | 1 | 3 | |a La inclusión financiera para la inserción productiva y el papel de la banca de desarrollo |
| 250 | |a 1a. ed | ||
| 300 | |a 355 p | ||
| 942 | |c BK | ||
| 945 | |d 20190111 14:04:00 |a dcastane | ||
| 260 | |a Santiago |b CEPAL |c 2018 | ||
| 650 | 0 | |a Finanzas internacionales |9 255570 | |
| 650 | 0 | |a Integración económica |9 255024 | |
| 650 | 0 | |a Desarrollo económico y social |9 256320 | |
| 583 | |a last modification |c 20190111 14:04:00 |k Rodrigo Vera | ||
| 490 | 0 | |a Libros de la CEPAL, 153 | |
| 999 | |c 373665 |d 373663 | ||
| 952 | |0 0 |1 0 |3 erb |4 0 |6 338_900000000000000_PER_2018 |7 0 |8 A |9 491861 |a BIBGIM |b BIBGIM |i 5528364 |o 338.9 PER 2018 |p 5528364 |r 2025-01-15 |w 2019-11-24 |y BK |z Catalogado en:20190111 |k GIM | ||